000 00998nam a22003137a 4500
003 CHAP
005 20220329133326.0
008 971013s1988 r 00010 d
010 _a4918
011 _a5890
035 _a5106
040 _cCHAP
090 _aFolleto 12882
100 0 0 _aLuna Flores, Maximino.
_969047
245 1 _aInvestigación de maíz en el CIANOC
_b: marco de referencia
260 _aPabellón, Ags. :
_bINIFAP. Campo Experimental Pabellón,
_c1988
300 _a39 p.
_b: gráfs.
500 _a55-49
590 _aBATCH-UPD
_b10
_c20130110
_lUCH01
_h1550
590 _aBATCH-UPD
_b10
_c20130410
_lUCH01
_h0948
590 _aBATCH-UPD
_b10
_c20130914
_lUCH01
_h1735
590 _aCONVERSION
_b10
_c20130109
_lUCH01
_h1304
650 1 4 _aMaíz
_xInvestigación
_xZacatecas.
_970995
650 1 4 _aMaíz
_xRendimiento.
_971051
700 0 _aZapata Altamirano, Ricardo José.
_9123631
901 _aBK
942 _cFOLL
949 _aFolleto 12882
_bBC
_cFOLL
_d-14673
_eTS1
_i5106
_mD
_si
999 _c4918
_d4918